| Tag |
First Indicator |
Second Indicator |
Subfields |
| LEADER |
00000cam a2200000 a 4500 |
| 001 |
in00000007333 |
| 005 |
20151005070017.0 |
| 008 |
870223s1983 it a b i10000 fre d |
| 035 |
|
|
|a (OCoLC)15228020
|
| 035 |
|
|
|9 AAA1821AM
|
| 040 |
|
|
|a IRU
|c IRU
|d m/c
|d TXA
|d UtOrBLW
|
| 043 |
|
|
|a Fw-----
|a fc-----
|
| 049 |
|
|
|a TXAM
|c [A12567227]
|
| 050 |
|
4 |
|a S591
|b .W875 no. 55
|
| 245 |
0 |
0 |
|a Cinquième réunion du Sous-Comite Ouest et Centre africain de corrélation des sols pour la mise en valeur des terres, Lomé, Togo, 7-12 décembre 1981.
|
| 264 |
|
1 |
|a Rome :
|b Organisation des Nations Unies pour l'Alimentation et l'Agriculture,
|c 1983.
|
| 300 |
|
|
|a iii, 177 pages :
|b illustrations ;
|c 30 cm.
|
| 336 |
|
|
|a text
|b txt
|2 rdacontent
|
| 337 |
|
|
|a unmediated
|b n
|2 rdamedia
|
| 338 |
|
|
|a volume
|b nc
|2 rdacarrier
|
| 490 |
1 |
|
|a Rapport sur les ressources en sols du monde ;
|v 55
|
| 504 |
|
|
|a Includes bibliographies.
|
| 650 |
|
0 |
|a Land capability for agriculture
|z Africa
|x Congresses.
|
| 650 |
|
0 |
|a Land use, Rural
|z Africa
|x Congresses.
|
| 650 |
|
0 |
|a Soils
|z Africa
|x Congresses.
|
| 710 |
2 |
|
|a Food and Agriculture Organization of the United Nations.
|
| 710 |
2 |
|
|a Food and Agriculture Organization of the United Nations.
|b West African Sub-Committee for Soil Correlation and Land Evaluation.
|
| 830 |
|
0 |
|a World soil resources reports ;
|v 55.
|
| 999 |
|
|
|a MARS
|
| 999 |
f |
f |
|s 74b8ce61-1c4e-3b9b-b85e-11c6ec5b1bc3
|i 6aec0896-0e9a-36e0-977d-0d5ca7e9ebf6
|t 0
|
| 952 |
f |
f |
|p ric
|a Texas A&M University
|b Rellis Campus
|c Joint Library Facility
|d Remote Storage
|t 0
|e S591 .W875 no.55
|h Library of Congress classification
|i unmediated -- volume
|m A14812567227
|
| 998 |
f |
f |
|a S591 .W875 no.55
|t 0
|l Remote Storage
|